Estadísticas para Anagramas - Estados de EE.UU.

Haz click aquí para intentar la prueba.

Estadísticas generales

  • Esta prueba ha sido intentada 4.849 veces
  • La puntuación promedio es 16 de 20

Estadísticas de respuestas

Estado% Correcto
Ohio
97%
Texas
96%
Hawái
95%
Utah
94%
Misisipi
92%
Alaska
91%
Alabama
90%
Kansas
90%
Illinois
89%
Arkansas
87%
Iowa
86%
Oklahoma
85%
Georgia
84%
Idaho
84%
Oregón
83%
Wisconsin
83%
Massachusetts
82%
Tennessee
82%
Wyoming
82%
Kentucky
81%
Washington
81%
Arizona
80%
Míchigan
78%
Indiana
77%
Maine
77%
Montana
77%
Misuri
76%
Virginia
75%
Connecticut
73%
Nevada
73%
Colorado
72%
Florida
72%
California
71%
Nebraska
71%
Pensilvania
71%
Vermont
69%
Delaware
66%
Luisiana
60%
Maryland
60%
Minnesota
56%

Distribución de puntuación

Porcentaje por número respondido

Porcentaje de gente con cada puntuación

Historial de tus puntuaciones

No has intentado esta prueba.